|
|
|
|
| LEADER |
00000nam a22000007a 4500 |
| 005 |
20180320211943.0 |
| 007 |
cr|||| |||| |
| 008 |
180320s2007 mx |||||s||||f00||0 spa d |
| 020 |
|
|
|a 970-95143-4-2
|
| 035 |
|
|
|a 21113
|
| 040 |
|
|
|a vLex
|
| 090 |
|
|
|c 7517
|d 7517
|
| 100 |
1 |
|
|a Gutiřrez Rivas, Rodrigo
|
| 245 |
1 |
3 |
|a Los derechos sociales y el desarrollo rural
|h [Recurso electrn̤ico] /
|c Rodrigo Gutiřrez Rivas, Aline Rivera Maldonado
|
| 256 |
|
|
|a Servicio en ln̕ea
|
| 260 |
|
|
|a Ciudad de Mx̌ico:
|b Cm̀ara de Diputados,
|c 2007
|
| 300 |
|
|
|a 1 recurso electrn̤ico
|
| 506 |
1 |
|
|a Disponible solo en los productos indicados
|d vLex Global
|d vLex Global (Academic Edition, excluding Law Schools)
|d vLex Global (U.S. Academic Edition, Law Schools)
|d vLex Global (U.S. Academic Edition, excluding Law Schools)
|d vLex Global (Academic Edition, Law Schools)
|
| 650 |
0 |
4 |
|a Derecho Pb︢lico y Administrativo
|z Mx̌ico
|
| 700 |
1 |
|
|a Rivera Maldonado, Aline
|
| 740 |
0 |
|
|a vLex Libros (Servicio en ln̕ea)
|
| 856 |
4 |
0 |
|u http://vlex.com/source/derechos-sociales-desarrollo-rural-21113
|z Acceso restringido
|
| 942 |
|
|
|c BOOK
|
| 999 |
0 |
|
|a Public and Administrative Law
|